La armonía pasional del nuevo mundo
Збережено в:
| Автор: | |
|---|---|
| Формат: | Книга |
| Мова: | Іспанська |
| Опубліковано: |
Madrid
Taurus
1973
|
| Серія: | Ensayistas, 97
|
| Предмети: | |
| Теги: |
Додати тег
Немає тегів, Будьте першим, хто поставить тег для цього запису!
|
MARC
| LEADER | 00000nam a2200000 a 4500 | ||
|---|---|---|---|
| 001 | UCP4410 | ||
| 003 | CL-VaPUC | ||
| 008 | 990724e19730000SP |||||||||||||||||spa|d | ||
| 020 | |a 8430610979 | ||
| 082 | 0 | 4 | |a 844 |b FOU |2 21 |
| 100 | 0 | |a Fourier, Charles |e author |9 404377 | |
| 245 | 1 | 3 | |a La armonía pasional del nuevo mundo |
| 300 | |a 293 p | ||
| 942 | |c BK | ||
| 945 | |d 19990724 00:00:00 |a crobeson | ||
| 260 | |a Madrid |b Taurus |c 1973 | ||
| 650 | 0 | |a Ensayos franceses |9 265511 | |
| 650 | 0 | |a Literatura francesa |9 266330 | |
| 650 | 7 | |a SOCIALISMO UTOPICO |2 CL-VaPUC |9 431914 | |
| 650 | 7 | |a ESTRUCTURA SOCIAL |2 CL-VaPUC |9 431915 | |
| 583 | |a last modification |c 19990724 00:00:00 |k Rodrigo Vera | ||
| 490 | 0 | |a Ensayistas, 97 | |
| 999 | |c 282393 |d 282391 | ||
| 952 | |0 0 |1 0 |4 0 |6 844_000000000000000_FOU_1973 |7 0 |8 A |9 324070 |a BIBHIS |b BIBHIS |d 2019-11-20 |i 1354655 |o 844 FOU 1973 |p 1354655 |r 2025-01-20 |w 2019-11-20 |y BK |k HIS | ||
| 952 | |0 0 |1 0 |4 0 |6 844_000000000000000_FOU_1973 |7 0 |8 A |9 324071 |a BIBART |b BIBART |d 2019-11-20 |i 1206362 |o 844 FOU 1973 |p 1206362 |r 2025-03-13 |w 2019-11-20 |y BK |k ART | ||
| 952 | |0 0 |1 0 |4 0 |6 844_000000000000000_FOU_1973 |7 0 |8 A |9 324072 |a BIBHIS |b BIBHIS |d 2019-11-20 |i 4109759 |o 844 FOU 1973 |p 4109759 |r 2025-01-20 |w 2019-11-20 |y BK |k HIS | ||
| 952 | |0 0 |1 0 |4 0 |6 844_000000000000000_FOU_1973 |7 0 |8 A |9 324073 |a BIBHIS |b BIBHIS |d 2019-11-20 |i 4145143 |o 844 FOU 1973 |p 4145143 |r 2025-01-20 |w 2019-11-20 |y BK |k HIS | ||